000 00723nam a22002777a 4500
001 BR7100196
003 BR-BrBNA
005 20230928083643.0
007 ta
008 230509b bl.||||| |||| 00| 0 por d
040 _aBR-BrBNA
_bpor
_cBiblioteca Nacional de Agricultura
041 _a(Por)
072 _aF10
090 _ F10 BR7100196
100 1 _aSerra, A.
110 1 _aConselho Nacional de Pesquisas, Rio de Janeiro, RJ (Brasil)
_92696
245 1 _aCirculacao no Hemisferio sul, 2-verao
260 3 _aRio de Janeiro, RJ (Brasil):
_c1971.
300 _a65 p.
500 _a21 graphs
650 _aCLIMA
650 _aVENTO
650 _aCHUVA
909 _a202309
_bLucia
_c55
_dLucia Elande
942 _cBK
999 _c14648
_d14648